Viaje a la América meridional por el rio de las Amazonas (Record no. 6493)

MARC details
000 -LEADER
campo de control de longitud fija 01225nam a2200325 i 4500
001 - NÚMERO DE CONTROL
campo de control 6493
003 - IDENTIFICADOR DE NÚMERO DE CONTROL
campo de control ES-MaACL
005 - FECHA Y HORA DE LA ÚLTIMA TRANSACCIÓN
campo de control 20230906144947.0
007 - CAMPO FIJO DE DESCRIPCIÓN FÍSICA--INFORMACIÓN GENERAL
campo de control de longitud fija t|
008 - DATOS DE LONGITUD FIJA--INFORMACIÓN GENERAL
campo de control de longitud fija 891124r19861745sp ||||1| spa d
020 ## - NÚMERO INTERNACIONAL ESTÁNDAR DEL LIBRO
Número Internacional Estándar del Libro 84-86556-04-X
080 ## - NÚMERO DE LA CLASIFICACIÓN DECIMAL UNIVERSAL
Número de la Clasificación Decimal Universal 91.045
080 ## - NÚMERO DE LA CLASIFICACIÓN DECIMAL UNIVERSAL
Número de la Clasificación Decimal Universal 633.88
100 1# - ENTRADA PRINCIPAL--NOMBRE DE PERSONA
Nombre de persona La Condamine, Charles Marie de.
9 (RLIN) 69138
245 10 - MENCIÓN DEL TÍTULO
Título Viaje a la América meridional por el rio de las Amazonas
Resto del título ; Estudio sobre la quina /
Mención de responsabilidad, etc. Charles M. de la Condamine ; presentación de Antonio Lafuente y Eduardo Estrella.
250 ## - MENCION DE EDICION
Mención de edición 1ª ed.
260 ## - PUBLICACIÓN, DISTRIBUCIÓN, ETC.
Lugar de publicación, distribución, etc. Barcelona :
Nombre del editor, distribuidor, etc. Alta Fulla :
-- Mundo Cientifico,
Fecha de publicación, distribución, etc. 1986.
300 ## - DESCRIPCIÓN FÍSICA
Extensión 222 p. + [1] h. de map. pleg. ;
Dimensiones 19 cm.
490 1# - MENCIÓN DE SERIE
Mención de serie Noctulabium ;
Designación de volumen o secuencia 1
500 ## - NOTA GENERAL
Nota general Reprod. de la ed. de: Amsterdam, Joan Catuffe, 1745.
500 ## - NOTA GENERAL
Nota general Reprod. de la ed. de Santa Fe de Bogotá, Sebastian José López Ruiz, 1778.
650 14 - PUNTO DE ACCESO ADICIONAL DE MATERIA--TÉRMINO DE MATERIA
Término de materia o nombre geográfico como elemento de entrada Quina-
Subdivisión de forma Obras anteriores a 1800.
9 (RLIN) 16641
650 #4 - PUNTO DE ACCESO ADICIONAL DE MATERIA--TÉRMINO DE MATERIA
Término de materia o nombre geográfico como elemento de entrada Expediciones científicas-
Subdivisión geográfica Amazonía-
Subdivisión cronológica S.XVIII.
9 (RLIN) 12687
700 1# - ENTRADA AGREGADA--NOMBRE PERSONAL
Nombre de persona Lafuente, Antonio.
9 (RLIN) 69529
700 1# - ENTRADA AGREGADA--NOMBRE PERSONAL
Nombre de persona Estrella, Eduardo.
9 (RLIN) 48249
740 0# - ENTRADA AGREGADA--TÍTULO RELACIONADO/ANALÍTICO NO CONTROLADO
Título relacionado o analítico no controlado Estudio sobre la quina.
830 0# - PUNTO DE ACCESO ADICIONAL DE SERIE-TÍTULO UNIFORME
Título uniforme Noctulabium ;
Designación de volumen o secuencia 1
9 (RLIN) 177552
852 ## - LOCALIZACIÓN
Ubicación ES-MaACL
Número de control de estantería L-13649
Nota libre . - tela
Holdings
Estatus retirado Estado de pérdida Estado de daño No para préstamo Biblioteca de origen Biblioteca actual Ubicación en estantería Fecha de adquisición Fuente de adquisición Total de préstamos Signatura topográfica completa Código de barras Visto por última vez Precio de reemplazo Tipo de ítem Koha
        Biblioteca del Ateneo de Madrid Biblioteca del Ateneo de Madrid Depósito 2 17/01/2008     L-13649 1006613 23/02/2023 23/02/2023 Libro impreso